Les Villes Hôtes des Jeux Olympiques d'Hiver - Statistiques

Statistiques générales
  • Ce quiz a été pris 215 fois
  • Le résultat moyen est 14 sur 24
Statistiques - réponses
Hint Réponse % Correct
2014 Sotchi
84%
2010 Vancouver
82%
1992 Albertville
81%
2006 Turin
81%
2022 Pékin
76%
2002 Salt Lake City
74%
1968 Grenoble
70%
2018 Pyeongchang
70%
1952 Oslo
68%
1924 Chamonix
61%
1998 Nagano
61%
1994 Lillehammer
59%
1988 Calgary
56%
1964 Innsbruck
56%
1928 Saint-Moritz
50%
1976 Innsbruck
48%
1948 Saint-Moritz
46%
1984 Sarajevo
45%
1972 Sapporo
44%
1932 Lake Placid
43%
1980 Lake Placid
43%
1956 Cortina d'Ampezzo
28%
1936 Garmisch-Partenkirchen
26%
1960 Squaw Valley
25%
Aucun quiz correspondant
Distribution des résultats
% des personnes avec chaque résultat
Percentile par nombre de réponses
Votre historique - résultats
Vous n’avez pas pris ce quiz